Online
Catalog

Derecho romano / (Record no. 13500)

MARC details
000 -CABECERA
campo de control de longitud fija 00674nam a22002051a 4500
001 - NÚMERO DE CONTROL
campo de control 000013894
005 - FECHA Y HORA DE LA ÚLTIMA TRANSACCIÓN
campo de control 20230519124857.0
008 - DATOS DE LONGITUD FIJA--INFORMACIÓN GENERAL
campo de control de longitud fija 781016s1954 sp b 001 0 spa
040 ## - FUENTE DE LA CATALOGACIÓN
Centro catalogador/agencia de origen DO-SdBNP
Lengua de catalogación spa
Centro/agencia transcriptor BNPHU
040 ## - FUENTE DE LA CATALOGACIÓN
Centro catalogador/agencia de origen DO-SdBNP
100 1# - ENTRADA PRINCIPAL--NOMBRE DE PERSONA
Nombre de persona Arias Ramos, Jose.
9 (RLIN) 31485
245 10 - MENCIÓN DE TÍTULO
Título Derecho romano /
Mención de responsabilidad, etc. J. Arias Ramos.
250 ## - MENCIÓN DE EDICIÓN
Mención de edición 6ta ed.
260 ## - PUBLICACIÓN, DISTRIBUCIÓN, ETC.
Lugar de publicación, distribución, etc. Madrid :
Nombre del editor, distribuidor, etc. Revista de Derecho Privado,
Fecha de publicación, distribución, etc. c1954.
300 ## - DESCRIPCIÓN FÍSICA
Extensión v. ;
Dimensiones 23 cm.
500 ## - NOTA GENERAL
Nota general La biblioteca posee el volumen 1
504 ## - NOTA DE BIBLIOGRAFÍA, ETC.
Nota de bibliografía, etc. Incluye referencias bibliográficas y notas al pie de las páginas
500 ## - NOTA GENERAL
Nota general Includes indexes.
505 0# - NOTA DE CONTENIDO CON FORMATO
Información miscelánea 1. Parte general.
Título Derechos reales.--
-- Obligaciones y su clases
Holdings
Estado de retiro Estado de pérdida Restricciones de uso No para préstamo Código de colección Localización permanente Ubicación/localización actual Ubicación en estantería Fecha de adquisición Número de inventario Total de préstamos Signatura topográfica completa Código de barras Fecha visto por última vez Precio válido a partir de Tipo de ítem Koha
    Préstamo interno   Monografías: Libros y Folletos General General En catalogación 01.12.2009 LF1   v. 1 13894-10 25.06.2020 25.06.2020 Préstamo interno

Powered by Koha